| 000 | 01085nmm a2200361 a 4500 | ||
|---|---|---|---|
| 001 | ocm0001061875 | ||
| 003 | TR-IsHL | ||
| 005 | 20201028151055.0 | ||
| 008 | 150704s2014 tu tur | ||
| 007 | cr cn | ||
| 020 | _a9786059917001 | ||
| 035 |
_a1061875 _b(N$T) |
||
| 050 | 0 | 4 |
_aHT123 _b.E74 2014 |
| 090 | 0 | 4 |
_aHT123 _b.E74 2014 |
| 100 | 1 | _aErdönmez, Ebru | |
| 245 | 1 | 0 |
_aKamusal alan ve toplum _h[electronic resource] / _cEbru Erdönmez |
| 260 |
_aİstanbul : _bEsenler Belediyesi Şehir Düşünce Merkezi Şehir Yayınları, _c2014 |
||
| 300 | _a200 p. | ||
| 650 | 4 | _aÇevre Bilimleri | |
| 650 | 4 | _aEnvironmental Sciences | |
| 650 | 0 | _aVatandaşlık | |
| 650 | 0 | _aCitizenship | |
| 650 | 0 | _aSociology | |
| 650 | 0 | _aIdentity | |
| 650 | 0 | _aPublic spaces | |
| 650 | 0 | _aCivil society | |
| 650 | 0 | _aKimlik | |
| 650 | 0 | _aSosyoloji | |
| 650 | 0 | _aKamusal alan | |
| 650 | 0 | _aSivil toplum | |
| 650 | 7 |
_aSOCIAL SCIENCE / Sociology / General _2bisacsh |
|
| 856 | 4 | 0 | _uhttp://search.ebscohost.com/login.aspx?direct=true&scope=site&db=e011xww&AN=1061875 |
| 999 |
_c10819 _d10819 |
||